| 000 | 00483nam a22001697a 4500 | ||
|---|---|---|---|
| 005 | 20251108171159.0 | ||
| 008 | 250721s1994 xx 000 0 ara d | ||
| 082 | 1 | 4 | _aط/669/صخو |
| 245 | 1 | 0 | _aالصخور والتعدين / |
| 264 | 1 |
_aالقاهرة : _bدار المعارف، _c1994. |
|
| 300 | _a30ص | ||
| 490 | 0 | _aالمعارف للأولاد | |
| 650 | 1 | 7 | _aالتعدين |
| 653 | _aناشئون صغار ( 10 - 14 سنة ) | ||
| 942 |
_2ddc _cBK |
||
| 999 |
_c58639 _d58639 |
||